| 000 | 00000nam##2200000za#4500 |
| 001 | 9.568534 |
| 003 | CaOODSP |
| 005 | 20210624181322 |
| 007 | cr ||||||||||| |
| 008 | 150406|2002||||xxc|||||o f|0| 0 eng|d |
| 040 | |aCaOODSP|beng |
| 043 | |an-cn--- |
| 086 | 1 |aBT31-2/2002-III-67E-PDF |
| 110 | 1 |aCanada. |bTreasury Board. |
| 245 | 10|aRoyal Canadian Mounted Police, 2001-2002 estimates, part III - report on plans and priorities |h[electronic resource] |
| 246 | 3 |aA report on plans & priorities 2001-2002, Royal Canadian Mounted Police |
| 260 | |aOttawa - Ontario : |bTreasury Board of Canada Secretariat |cc2001. |
| 300 | |a98p.|borganization chart, tables, photographs, index |
| 490 | 1 |a2001-2002 estimates. Part III, Report on plans and priorities |v2001-2002 |
| 500 | |aThe catalogue number (BT31-2/2002-III-67) and ISBN (0-660-61495-2) for the bilingual print edition have been incorrectly copied in this electronic publication. |
| 590 | |a11-01-Supp|b2011-01-11 |
| 775 | 08|tGendarmerie royale du Canada, budget des dépenses 2001-2002, partie III - rapport sur les plans et les priorités |w(CaOODSP)9.599810 |
| 776 | 0#|tRoyal Canadian Mounted Police |w(CaOODSP)9.534424 |
| 776 | 0#|tGendarmerie royale du Canada |w(CaOODSP)9.534425 |
| 830 | #0|a2001-2002 estimates. Part III, Report on plans and priorities ;|v2001-2002|w(CaOODSP)9.506174 |
| 856 | 40|ahttp://publications.gc.ca|qPDF|s2.01 MB|uhttps://publications.gc.ca/collections/Collection/BT31-2-2002-III-67E.pdf|y2001-2002 |